| 000 | 01065cam a2200337 a 4500 | ||
|---|---|---|---|
| 999 |
_c118408 _d118408 |
||
| 001 | 14652583 | ||
| 003 | OSt | ||
| 005 | 20200616132207.0 | ||
| 008 | 061201s2007 ii b 001 0 eng | ||
| 010 | _a 2006454175 | ||
| 020 | _a8131600637 | ||
| 025 | _aI-E-2006-454175; 63-91 | ||
| 037 |
_bLibrary of Congress -- New Delhi Overseas Office _cRs650.00 |
||
| 040 |
_aDLC _cDLC _dDLC |
||
| 042 | _alcode | ||
| 043 | _aa-ii--- | ||
| 050 | 0 | 0 |
_aDS483.853 _b.R33 2007 |
| 082 | _a306.0954 RAD | ||
| 100 | 1 |
_aRadhakrishnan, P., _d1949- |
|
| 245 | 1 | 0 |
_aReligion, caste, and state / _cP. Radhakrishnan. |
| 260 |
_aJaipur : _bRawat Publications, _c2007. |
||
| 300 |
_aviii, 300 p. ; _c22 cm. |
||
| 504 | _aIncludes bibliographical references (p. [292]-296) and index. | ||
| 520 | _aArticles with reference to India. | ||
| 650 | 0 |
_aReligion and politics _zIndia. |
|
| 650 | 0 |
_aCaste _zIndia. |
|
| 651 | 0 |
_aIndia _xPolitics and government _y1977- |
|
| 906 |
_a7 _bcbc _corigode _d3 _encip _f20 _gy-gencatlg |
||
| 942 |
_2ddc _cIR |
||